Gadhyanjari (Record no. 1326)

MARC details
000 -LEADER
fixed length control field 00347nam a2200133Ia 4500
008 - FIXED-LENGTH DATA ELEMENTS--GENERAL INFORMATION
fixed length control field 211109s9999||||xx |||||||||||||| ||und||
082 ## - DEWEY DECIMAL CLASSIFICATION NUMBER
Classification number 894.8128
Item number KUM-G
100 ## - MAIN ENTRY--PERSONAL NAME
Personal name Kumaran, Mookoth,
245 #0 - TITLE STATEMENT
Title Gadhyanjari
260 ## - PUBLICATION, DISTRIBUTION, ETC.
Name of publisher, distributor, etc. V V P
Place of publication, distribution, etc. Quilon
Date of publication, distribution, etc. 1995
630 ## - SUBJECT ADDED ENTRY--UNIFORM TITLE
General subdivision General Stack
650 ## - SUBJECT ADDED ENTRY--TOPICAL TERM
Topical term or geographic name entry element Malayalam EssaysMalayalam Prose
942 ## - ADDED ENTRY ELEMENTS (KOHA)
Koha item type BOOK
650 ## - SUBJECT ADDED ENTRY--TOPICAL TERM
General subdivision Malayalam
Holdings
Withdrawn status Lost status Damaged status Not for loan Home library Current library Date acquired Total Checkouts Full call number Barcode Shelving location Date last seen Price effective from Koha item type
        SB LIBRARY SB LIBRARY 09/11/2021   894.8128 KUM-G 00001335 GENERAL STACK 09/11/2021 09/11/2021 BOOK

Powered by Koha